| 000 | 00681nam a2200229Ia 4500 | ||
|---|---|---|---|
| 003 | OSt | ||
| 005 | 20220927105014.0 | ||
| 006 | a|||||r|||| 00| 0 | ||
| 007 | ta | ||
| 008 | 220926b |||||||| |||| 00| 0 eng d | ||
| 024 | _a154667 | ||
| 037 | _cReference Collections | ||
| 040 |
_aRTL _cRTL _beng |
||
| 041 |
_2eng _aeng |
||
| 082 | _a"X724.2211 .N73, L3 . 88" | ||
| 100 | _aAIYAR A N Ed. | ||
| 245 | 0 | _aIncome Tex Reports . | |
| 260 |
_aMadras _bCompany law insitute of India Pvt. Ltd _c1973 |
||
| 300 |
_a"xi + 456, x" _ccm. |
||
| 942 |
_h"X724.2211 .N73, L3 . 88" _cCC |
||
| 999 |
_c690151 _d690151 |
||